Mendapat jiran baru

Bibliographic Details
Main Author: Nur Azwani
Format: Book
Published: Kuala Lumpur : Pustaka Cita Tinggi , 1996
Series:Siri Tetangga Ria
Subjects:

MARC

LEADER 00000cam a2200000 7i4500
001 0000009162
002 000009978
005 20000330.0
020 |a 9830231011 
090 0 0 |a JF   |b NUR 
100 0 |a Nur Azwani 
245 1 0 |a Mendapat jiran baru   |c Nur Azwani 
260 |a Kuala Lumpur :   |b Pustaka Cita Tinggi ,   |c 1996 
300 |a 15p. :   |b ill. ;   |c 21cm. 
490 0 |a Siri Tetangga Ria 
650 0 0 |a Children's stories, Malay 
999 |a 045667   |b BUKU   |c PINJAMAN   |e PERPUSTAKAAN KOMUNITI CAW KOTA DAMANSARA 
999 |a 045668   |b BUKU   |c PINJAMAN   |e PERPUSTAKAAN KOMUNITI CAW KOTA DAMANSARA